| 000 | 01101cam a22001934a 4500 | ||
|---|---|---|---|
| 005 | 20250605164359.0 | ||
| 008 | 250528s ||||||||||||||||||||||||d | ||
| 035 | _a24510 | ||
| 040 |
_aGR-AtMCL _bgre _dGR-AtMCL _eAACR2 |
||
| 245 | 1 | _aΟ Πρώην CEO της Sainsbury's 'Αποκαλύπτεται' / Justin King | |
| 260 | _c2015 | ||
| 300 | _a42 | ||
| 520 | _aΈντονος Ανταγωνισμός και Συνεχή Λανσαρίσματα, Infobank Hellasfan: Υποχώρηση και το 2014, Η Στρατηγική Καινοτομία δεν είναι Προνόμιο των 'Μεγάλων Εταιρείων, Βαρομετρικό Χαμήλο της Εμπιστοσύνης των Πολιτών σε Θεσμούς και Επιχειρήσεις, Διαδίκτυο και Social Media Αλλάζουν τα Δεδομένα, Content Marketing: Δημιουργώντας Αξία μέσω Περιεχομένου. | ||
| 700 | 1 |
_aΚορδελάς Δημήτρης _99464 |
|
| 942 | _cCR | ||
| 710 | 2 |
_aThe Marketing Week _99825 |
|
| 999 |
_c9387 _d9387 |
||